000 00610nam a2200193Ia 4500
005 20250508154120.0
008 008 250505s9999 xx 000 0 eng d
037 _aDissertations
040 _aFEDL
_beng
_cFEDL
041 _aeng
_2eng
084 _a370.15, ARU/DI
_qFEDL
100 _aAruna Kumari
245 0 _aStudy of the relationship of achievement to intelligence and their relationship with popularity among classmates
260 _c1965
300 _a82p.
546 _aM.Ed. Dissertation 1965 (Panjab University)
942 _cDIS
_h370.15, ARU/DI
999 _c1347754
_d1347754